000 01015nas a2200301 4500
001 BR8707984
003 BR-BrBNA
005 20231205090954.0
007 ta
008 230509b bl.|||p| |||| 00| 00por d
040 _aBR-BrBNA
_bpor
_cBiblioteca Nacional de Agricultura
041 _a(Pt)
072 _aL51
100 1 _aValadares Filho, S. de C.
100 1 _aRodriguez, N.M.
100 1 _aVera Inzanzon, R.R.
100 1 _aPizzarro, E.A.
245 1 _aDigestao total e parcial de fenos de soja perene em ovinos, 1: materia seca e energia
_bParte de tese
246 1 _aTotal and partial digestion of perennial soybean hays in sheep, 1: dry matter and energy
_bPart of thesis
650 _aOVINO
650 _aFENO
650 _aDIGESTAO
650 _aSOJA PERENE
650 _aMATERIA SECA
773 0 _tRevista da Sociedade Brasileira de Zootecnia (Brazil)
_xISSN 0100-4859
_g(Mar-Apr 1987), v. 16(2) p. 131-139
_wBR8707984
909 _a202311
_bLúcia
_c55
_dLúcia Elande
942 _2AGRIS
_n0
_cANA
999 _c121965
_d121965